Govt. of
Madhya Pradesh

India's International Relations With SAARC Countries (Record no. 64405)

MARC details
000 -LEADER
fixed length control field 00437nam a22001697a 4500
003 - CONTROL NUMBER IDENTIFIER
control field MACL
005 - DATE AND TIME OF LATEST TRANSACTION
control field 20210925110206.0
008 - FIXED-LENGTH DATA ELEMENTS--GENERAL INFORMATION
fixed length control field 210925b |||||||| |||| 00| 0 eng d
040 ## - CATALOGING SOURCE
Transcribing agency MACL
082 ## - DEWEY DECIMAL CLASSIFICATION NUMBER
Classification number 327/KUM
100 ## - MAIN ENTRY--PERSONAL NAME
Personal name Kumar,S.
9 (RLIN) 79096
245 ## - TITLE STATEMENT
Title India's International Relations With SAARC Countries
260 ## - PUBLICATION, DISTRIBUTION, ETC. (IMPRINT)
Place of publication, distribution, etc. Delhi
Name of publisher, distributor, etc. Rupa Publication
Date of publication, distribution, etc. 2018
300 ## - PHYSICAL DESCRIPTION
Extent p304
650 ## - SUBJECT ADDED ENTRY--TOPICAL TERM
Topical term or geographic name as entry element International Relaton
9 (RLIN) 81150
942 ## - ADDED ENTRY ELEMENTS (KOHA)
Source of classification or shelving scheme
Koha item type Books
Holdings
Withdrawn status Lost status Source of classification or shelving scheme Damaged status Not for loan Home library Current library Date acquired Cost, normal purchase price Total Checkouts Full call number Barcode Date last seen Price effective from Koha item type
          MACL MACL 25/09/2021 995.00   327/KUM CRE037062 02/05/2024 25/09/2021 Books